header

African mathematics (Record no. 235647)

MARC details
000 -LEADER
fixed length control field 01273nam a2200325Ia 4500
100 1# - MAIN ENTRY--AUTHOR NAME
Personal name Setati, Mamokgethi.
245 10 - TITLE STATEMENT
Title African mathematics
260 ## - PUBLICATION, DISTRIBUTION, ETC. (IMPRINT)
Place of publication Lanham, MD :
Name of publisher University Press of America,
Year of publication 2010.
300 ## - PHYSICAL DESCRIPTION
Number of Pages 220 p. :
Other physical details ill.
650 #0 - SUBJECT ADDED ENTRY--TOPICAL TERM
Topical Term Ethnomathematics
Topical Term Mathematics, Ancient
Topical Term Mathematics
Topical Term Symbolism of numbers.
700 1# - ADDED ENTRY--PERSONAL NAME
Personal name Bangura, Abdul Karim.
856 40 - ELECTRONIC LOCATION AND ACCESS
Uniform Resource Identifier http://site.ebrary.com/lib/rucke/Doc?id=10435013

No items available.

© 2026 Rongo University
Contact us: librarian | system librarian | Rongo university